• 首页
  • 本馆介绍
  • 公告通知
  • 最新文献
  • 馆藏检索
  • 电子资源
  • 读者导购
  • 参考咨询
  • 我的图书馆
  • 登录
  • 详细信息显示
  • 放入我的书架
  • 预约/预借图书
  • 作者相关作品
  • 分类相关作品
  • 丛书相关作品
  • 出版社相关作品

书目信息

  • 表格格式
  • 工作单格式
  • 卡片格式
题名:
植物杀菌素
    
 
作者: 托金 , Токин 著 ;林付光 译
分册:  
出版信息: 北京   科学出版社  1958
页数: 248页
开本: 20cm
丛书名:
单 册:
中图分类: Q946.88
科图分类:
主题词: 植物--杀菌素
电子资源:
ISBN: 13031.604
000 00717cam0 2200253 450
001 0105430039
005 20071130160107.0
010    @a13031.604@dCNY1.70
091    @a13031.604@dCNY1.70
100    @a19970314d1958 em y0chiy0110 ea
101 1  @achi@crus
102    @aCN@b110000
105    @ay z 000yy
106    @ar
200 1  @a植物杀菌素@9Zhi Wu Sha Jun Su @f(苏)托金(Б.П.Токин)著@g林付光等译@b专著
210    @a北京@c科学出版社@d1958
215    @a248页@d20cm
606 0  @a植物@x杀菌素
690    @aQ946.88@v3
701  1 @a托金@9tuo jin@bБ.П.@4著
701  1 @aТокин@bБ.П.@4著
702  0 @a林付光@9lin fu guang@4译
801  0 @aCN@bAiZhiMarc
905    @aBZT@dQ946.88@e2@f1@sQ946.88/2
    
    植物杀菌素/(苏)托金(Б.П.Токин)著/林付光等译.-北京:科学出版社,1958
    248页;20cm
    
    
    ISBN 13031.604:CNY1.70
    
●
相关链接 在五车中查询图书 在当当中查询图书 在豆瓣中查询图书


正题名:植物杀菌素     索取号:Q946.88/2         预约/预借

序号 登录号 条形码 馆藏地/架位号 状态 备注
1 2000109459   2000109459   旧书回溯/ [索取号:Q946.88/2] 在馆    
山东省滨州职业学院图书馆 欢迎您!
大连网信软件有限公司© 版权所有